书目信息 |
| 题名: |
美国国家体能协会爆发力训练指南
|
|
| 作者: | 麦奎根 主编 ;曹洁 , 曹兴龙 译 ;美国国家体能协会 主编 | |
| 分册: | ||
| 出版信息: | 北京 人民邮电出版社 2022 |
|
| 页数: | 248页 | |
| 开本: | 24cm | |
| 丛书名: | NSCA运动表现提升训练丛书 | |
| 单 册: | ||
| 中图分类: | G808.14 | |
| 科图分类: | ||
| 主题词: | 爆发力--运动训练--指南 | |
| 电子资源: | ||
| ISBN: | 978-7-115-55009-5 | |
| 000 | 01446nam 2200289 450 | |
| 001 | 012024000310 | |
| 005 | 20240924225236.0 | |
| 010 | @a978-7-115-55009-5@dCNY148.00 | |
| 100 | @a20240924d2022 em y0chiy50 ea | |
| 101 | 1 | @achi@ceng |
| 102 | @aCN@b110000 | |
| 105 | @aac z 000yy | |
| 106 | @ar | |
| 200 | 1 | @a美国国家体能协会爆发力训练指南@Amei guo guo jia ti neng xie hui bao fa li xun lian zhi nan@f(美)美国国家体能协会,(美)迈克·麦奎根(Mike McGuigan)主编@g曹洁,曹兴龙译 |
| 210 | @a北京@c人民邮电出版社@d2022 | |
| 215 | @a248页@c图,照片,肖像@d24cm | |
| 225 | 2 | @aNSCA运动表现提升训练丛书 |
| 330 | @a本书首先介绍了发展爆发力的要素,涉及爆发力的基本概念、评估方法、周期训练方法和针对不同人群的训练方法等内容;然后以图文详解的方式介绍了发展上肢、下肢、全身爆发力的训练动作,并为高水平练习者提供了高阶的练习动作;另外,还提供了针对篮球、排球、棒球等团体运动项目,以及田径、游泳、摔跤等个人运动项目的爆发力发展方案,致力于帮助练习者更好地理解爆发力训练,并能够逐步建立起一个完善的爆发力训练体系,使其终身受益。 | |
| 410 | 0 | @12001 @aNSCA运动表现提升训练丛书 |
| 606 | 0 | @a爆发力@x运动训练@j指南 |
| 690 | @aG808.14@v5 | |
| 701 | 0 | @c(美)@a麦奎根@Amai kui gen@c(McGuigan, Mike)@4主编 |
| 702 | 0 | @a曹洁@Acao jie@4译 |
| 702 | 0 | @a曹兴龙@Acao xing long@4译 |
| 711 | 02 | @c(美)@a美国国家体能协会@Amei guo guo jia ti neng xie hui@4主编 |
| 801 | 0 | @aCN@bAHXH@c20240924 |
| 905 | @b214141748@b214141757@b214141766@dG808.14@e2118@f3 | |
| 美国国家体能协会爆发力训练指南/(美)美国国家体能协会,(美)迈克·麦奎根(Mike McGuigan)主编/曹洁,曹兴龙译.-北京:人民邮电出版社,2022 |
| 248页:图,照片,肖像;24cm.-(NSCA运动表现提升训练丛书) |
| ISBN 978-7-115-55009-5:CNY148.00 |
| 本书首先介绍了发展爆发力的要素,涉及爆发力的基本概念、评估方法、周期训练方法和针对不同人群的训练方法等内容;然后以图文详解的方式介绍了发展上肢、下肢、全身爆发力的训练动作,并为高水平练习者提供了高阶的练习动作;另外,还提供了针对篮球、排球、棒球等团体运动项目,以及田径、游泳、摔跤等个人运动项目的爆发力发展方案,致力于帮助练习者更好地理解爆发力训练,并能够逐步建立起一个完善的爆发力训练体系,使其终身受益。 |
| ● |
| 相关链接 |
|
|
|
|
正题名:美国国家体能协会爆发力训练指南
索取号:G808.14/2118
 
预约/预借
| 序号 | 登录号 | 条形码 | 馆藏地/架位号 | 状态 | 备注 |
| 1 | 1414174 | 214141748 | 第一样本阅览室/ [索取号:G808.14/2118] | 在馆 | |
| 2 | 1414175 | 214141757 | 第四借阅区/ [索取号:G808.14/2118] | 在馆 | |
| 3 | 1414176 | 214141766 | 第四借阅区/ [索取号:G808.14/2118] | 在馆 |